000
00267nam a22001217a 4500
008
170613b xxu||||| |||| 00| 0 eng d
041
_a
eng
080
_a
32
100
_a
19
101
_a
SHM
245
_a
LABOR AND POLITICS IN PERY
_c
PAYNE.J.L
942
_2
udc
_c
BK
999
_c
17210
_d
17210